Činnosť mimovládnych neziskových organizácií v kontexte environmentálnej výkonnosti SR
Sústava environmentálnych daní využívaných v Slovenskej republike. Možnosti využitia rozpočtových prostriedkov získaných prostredníctvom environmentálnych daní a poplatkov mimovládnymi neziskovými organizáciami. Priama podpora mimovládnych neziskových organizácií zo strany štátu. Možnosti získania r...
Salvato in:
| Autore principale: | |
|---|---|
| Altri autori: | |
| Natura: | Capitolo di libro |
| Lingua: | slovacco |
| Soggetti: | |
| Tags: |
Nessun Tag, puoi essere il primo ad aggiungerne!!
|
MARC
| LEADER | 00000nla a2200000 4500 | ||
|---|---|---|---|
| 001 | 0183136 | ||
| 005 | 20240506113236.0 | ||
| 041 | 0 | |a slo | |
| 044 | |a SK | ||
| 245 | 1 | 0 | |a Činnosť mimovládnych neziskových organizácií v kontexte environmentálnej výkonnosti SR |c Kornélia Beličková, Jozef Laciňák |
| 520 | |a Sústava environmentálnych daní využívaných v Slovenskej republike. Možnosti využitia rozpočtových prostriedkov získaných prostredníctvom environmentálnych daní a poplatkov mimovládnymi neziskovými organizáciami. Priama podpora mimovládnych neziskových organizácií zo strany štátu. Možnosti získania rozpočtových prostriedkov z Environmentálneho fondu a Recyklačného fondu. Zahraničné zdroje financovania environmentálnych aktivít mimovládnych neziskových organizácií. | ||
| 610 | 2 | 0 | |a financie |
| 610 | 2 | 0 | |a financovanie |
| 610 | 2 | 0 | |a zdroje finančné |
| 610 | 2 | 0 | |a dane ekologické |
| 610 | 2 | 0 | |a organizácie nevládne |
| 610 | 2 | 0 | |a organizácie neziskové |
| 610 | 2 | 0 | |a Slovensko |
| 100 | 1 | |a Beličková, Kornélia, 1966- | |
| 700 | 1 | |a Laciňák, Jozef | |